书目信息 |
| 题名: |
欧洲的陨落
|
|
| 作者: | 加罗 著 ;闫文昌 , 罗然 , 黄林 译 | |
| 分册: | ||
| 出版信息: | 北京 民主与建设出版社 2017 |
|
| 页数: | 350页 | |
| 开本: | 24cm | |
| 丛书名: | ||
| 单 册: | ||
| 中图分类: | K143 | |
| 科图分类: | ||
| 主题词: | 第一次世界大战--史料 | |
| 电子资源: | ||
| ISBN: | 978-7-5139-1370-6 | |
| 000 | 01546nam0 2200289 450 | |
| 001 | 2332156399 | |
| 005 | 20231110121156.61 | |
| 010 | @a978-7-5139-1370-6@dCNY49.80 | |
| 100 | @a20181129d2017 em y0chiy50 ea | |
| 101 | 1 | @achi@ceng |
| 102 | @aCN@b110000 | |
| 105 | @ay z 000yy | |
| 200 | 1 | @a欧洲的陨落@Aou zhou de yun luo@e第一次世界大战简史@dA history of the first world war@f(美)马克思·加罗(Max Gallo)著@g闫文昌,罗然,黄林译@zeng |
| 210 | @a北京@c民主与建设出版社@d2017 | |
| 215 | @a350页@d24cm | |
| 314 | @a马克思·加罗,法国历史学家、小说家和散文家。他在历史专业获得学位后,又拿到了文学专业的博士学位,后担任尼斯大学历史教授。写过80余部小说、传记和回忆录等作品,于2007年当选为法兰西学院会员。作品有《法国大革命》《1940,从绝望到希望》《路易十三的政治家:黎塞留传》《马基雅维利与萨沃纳罗拉》等。迄今为止,他的作品已经被翻译成14种语言,在各国出版。 | |
| 330 | @a本书是一部从崭新角度描绘“一战史”的历史著作。与传统的“一战史”著作多着眼于战场上的军事进展不同,本书把更多的笔墨放在了战场之外,主要再现了大战爆发前后各国的社会现状、国与国之间的矛盾、各国普通人面对战争的反应、当时媒体报道情况,以及这场战争对参战各国的深远影响。 | |
| 510 | 1 | @aHistory of the first world war@zeng |
| 517 | 1 | @a第一次世界大战简史@Adi yi ci shi jie da zhan jian shi |
| 606 | 0 | @a第一次世界大战@j史料 |
| 690 | @aK143@v5 | |
| 701 | 0 | @c(美)@a加罗@Ajia luo@c(Gallo, Max)@4著 |
| 702 | 0 | @a闫文昌@Ayan wen chang@4译 |
| 702 | 0 | @a罗然@Aluo ran@4译 |
| 702 | 0 | @a黄林@Ahuang lin@4译 |
| 801 | 0 | @aCN@b安徽时代@c20230923 |
| 905 | @aBZT@dK143@e15 | |
| 欧洲的陨落:第一次世界大战简史=A history of the first world war/(美)马克思·加罗(Max Gallo)著/闫文昌,罗然,黄林译.-北京:民主与建设出版社,2017 |
| 350页;24cm |
| ISBN 978-7-5139-1370-6:CNY49.80 |
| 本书是一部从崭新角度描绘“一战史”的历史著作。与传统的“一战史”著作多着眼于战场上的军事进展不同,本书把更多的笔墨放在了战场之外,主要再现了大战爆发前后各国的社会现状、国与国之间的矛盾、各国普通人面对战争的反应、当时媒体报道情况,以及这场战争对参战各国的深远影响。 |
| ● |
| 相关链接 |
|
|
|
正题名:欧洲的陨落
索取号:K143/15
 
预约/预借
| 序号 | 登录号 | 条形码 | 馆藏地/架位号 | 状态 | 备注 |
| 1 | 2000941243 | 2000941243 | 315书库/四34架B面3层1列/ [索取号:K143/15] | 在馆 | |
| 2 | 2000941244 | 2000941244 | 315书库/四34架B面3层1列/ [索取号:K143/15] | 在馆 | |
| 3 | 2000941245 | 2000941245 | 315书库/四34架B面3层1列/ [索取号:K143/15] | 在馆 | |
| 4 | 2000941246 | 2000941246 | 315书库/四34架B面3层1列/ [索取号:K143/15] | 在馆 | |
| 5 | 2000941247 | 2000941247 | 315书库/四34架B面3层1列/ [索取号:K143/15] | 在馆 | |
| 6 | 2000941248 | 2000941248 | 315书库/四34架B面3层1列/ [索取号:K143/15] | 在馆 |